000 00937cam a2200217 4500
008 030120n2002 000 0 eng u
020 _a0419259104
035 _a(Sirsi) u121063
041 _aeng.
050 _a624.2
_c18
100 _aTilly, Graham
245 _aConservation of bridges
260 _aLondon
_bSpon
_c2002
300 _axi, 404p.
_bill.
_c29cm.
350 _a55
520 _aA comprehensive guide to the conservation of older bridges, including highway, railway, river, canal and pedestrian bridges. Offers guidance and recommendations for bridge conservation, repair and maintenance strategies. Also proposes a new approach to best practice for bridge conservation. Includes international case studies and full colour illustrative photographs.
650 _aBRIDGES
650 _aBRIDGE MAINTENANCE
690 _aBUILT ENVIRONMENT-BUILDING MAINTENANCE AND REFURBISHMENT-BUILDING CONSERVATION
942 _n0
999 _c102619
_d102619